| 000 | 00867nam a2200289Ia 4500 | ||
|---|---|---|---|
| 003 | OSt | ||
| 005 | 20221006144421.0 | ||
| 006 | a|||||r|||| 00| 0 | ||
| 007 | ta | ||
| 008 | 221006b |||||||| |||| 00| 0 eng d | ||
| 020 |
_c _4.00(each) |
||
| 024 | _a11,650 | ||
| 037 |
_bGift, _cTextual |
||
| 040 |
_aEASL _cEASL _beng |
||
| 041 |
_2eng _aeng |
||
| 082 | _aVv41.N1, G8-;1 | ||
| 100 |
_aGARDNER Charles S. _9651941 |
||
| 245 | 0 | _aChinese traditional historiography | |
| 260 |
_aCambridge _bHarvard University Press _c1961 |
||
| 300 |
_axi,128p. _ccm. |
||
| 490 |
_v CEL _aHarvard Historical Monographes, 11 |
||
| 650 | _a CEL | ||
| 650 |
_a Historical - Criticism - Chinese _9651942 |
||
| 650 |
_aMotivation - Synthesis - Chinese _9651943 |
||
| 942 |
_hVv41.N1, G8-;1 _cTEXL _2CC |
||
| 999 |
_c1079736 _d1079736 |
||